| 000 | 00429nam a22001577a 4500 | ||
|---|---|---|---|
| 005 | 20150915124652.0 | ||
| 008 | 150909b xxu||||| |||| 00| 0 eng d | ||
| 050 |
_aP94. _bW924 |
||
| 100 |
_aIMBISA _919927 |
||
| 245 |
_aWord and image _cby IMBISA |
||
| 260 |
_aHarare _bIMBISA _c2014 |
||
| 300 |
_avi, 162p.; _c21cm. |
||
| 650 |
_aChurch and media _919928 |
||
| 700 |
_aWermter. Oskar _915199 _eed. |
||
| 942 |
_2lcc _cMONOGRAPH |
||
| 999 |
_c123354 _d123354 |
||